Las Universidades y la Educacion de adultos / (Record no. 1832)

000 -CABECERA
fixed length control field 00952nam a22002297a 4500
003 - IDENTIFICADOR DEL NÚMERO DE CONTROL
control field AR-CdUCM
008 - DATOS DE LONGITUD FIJA--INFORMACIÓN GENERAL
fixed length control field 190228b ||||| |||| 00| 0 spa d
040 ## - FUENTE DE LA CATALOGACIÓN
Agencia/entidad que catalogó originalmente la obra MUNICIPALIDAD PROVINCIAL DEL CUSCO
Entidad que transcribió la catalogación BIBLIOTECA MUNICIPAL DEL CUSCO
082 ## - NÚMERO DE LA CLASIFICACIÓN DECIMAL DEWEY
No. de la edición 1ra. ed.
No. de Clasificación 378.1 /
Notacion interna U42
100 ## - ENTRADA PRINCIPAL--NOMBRE DE PERSONA
Nombre Personal Universidad de la Habana
245 ## - MENCIÓN DE TÍTULO
Título Las Universidades y la Educacion de adultos /
Mención de responsabilidad Universidad de la Habana
260 ## - PUBLICACIÓN, DISTRIBUCIÓN, ETC.
Lugar de publicación, distribución, etc. Cuba :
Nombre de la editorial, distribuidor, etc. UNESCO ,
Fecha de publicación, distribución, etc. S/F
300 ## - DESCRIPCIÓN FÍSICA
Nº de Páginas Extensión 200 paginas :
Dimensiones 21 cm.
440 ## - MENCIÓN DE SERIE/PUNTO DE ACCESO ADICIONAL--TÍTULO
Título Problemas de la Educacion
Número de la parte/sección de una obra 4
9 (RLIN) 6717
505 ## - NOTA DE CONTENIDO CON FORMATO
Nota de contenido formateada Los servicios de extension universitaria en la gran bretaña por S.G Rayboud -- Extension Universitaria en el Canada, por E.A. Corbett -- La Educacion de Extension Universitaria en los Estados Unidos de America...
650 ## - PUNTO DE ACCESO ADICIONAL DE MATERIA--TÉRMINO DE MATERIA
Descriptor Pedagogia.
9 (RLIN) 1560
650 ## - PUNTO DE ACCESO ADICIONAL DE MATERIA--TÉRMINO DE MATERIA
Descriptor Educacion.
9 (RLIN) 460
650 ## - PUNTO DE ACCESO ADICIONAL DE MATERIA--TÉRMINO DE MATERIA
Descriptor Eduacion Adulta.
9 (RLIN) 6718
700 ## - PUNTO DE ACCESO ADICIONAL--NOMBRE DE PERSONA
Nombre Personal Universidad de la Habana
9 (RLIN) 6716
942 ## - ELEMENTOS DE PUNTO DE ACCESO ADICIONAL (KOHA)
Fuente de clasificación
Tipo de item Libros-BMC
945 ## - PROCESAMIENTO DE INFORMACIÓN LOCAL (OCLC)
Catalogador rtm
AAAA-MM-DD - Fecha de ingreso o modificacion 2019-02-28
Holdings
Estado de retiro (separado) Fuente de clasificación o esquema de estanterías Estado dañado Ubicación Sala donde se ubica Nombre de la colección Fecha de adquisición o compra Costo, precio normal en soles Signatura topográfica Código de Barras Última vez visto (Koha) Tipo de ítem (Koha)
No     Sala Humanidades Sala Humanidades Book Cart 2019-02-28 20.00 378.1 / U42 SH0000001849 2019-02-28 Libros-BMC

Powered by Koha